Χρηματοοικονομική ανάλυση

Αποθηκεύτηκε σε:
Λεπτομέρειες βιβλιογραφικής εγγραφής
Κύριος συγγραφέας: Φίλιος, Βασίλης Φ.
Μορφή: Βιβλίο
Γλώσσα:Greek
Δημοσίευση: Αθήνα : Σύγχρονη Εκδοτική, 1996
Έκδοση:2η έκδ. βελτ. & επαυξ.
Θέματα:
Ετικέτες: Προσθήκη ετικέτας
Δεν υπάρχουν, Καταχωρήστε ετικέτα πρώτοι!

MARC

LEADER 00000cam a2200000 i 4500
001 1/9911
008 100802s1996 gre d
020 |a 960-7344-89-6 (set) 
020 |a 960-7344-60-X (τ.1) 
035 |l 10108817 
040 |a GR-MY-UA  |b gre  |e aacr 
041 0 |a gre 
082 0 |a 658.15  |2 (22) 
100 1 |a Φίλιος, Βασίλης Φ. 
245 1 0 |a Χρηματοοικονομική ανάλυση /  |c Βασίλειος Φ. Φίλιος 
250 |a 2η έκδ. βελτ. & επαυξ. 
260 |a Αθήνα :   |b Σύγχρονη Εκδοτική,   |c 1996 
300 |a 367 σ.;  |b πίν.;  |c 24 εκ. 
504 |a Περιέχει βιβλιογραφικές παραπομπές και ευρετήρια 
650 0 0 |a Business enterprises  |x Finance. 
650 0 0 |a Accounting. 
852 |a INST  |b CHIOS  |e 20100802  |h 658.15 ΦΙΛ  |p 005200032269  |q 005200032269  |t BK  |y 0  |z τ.1 
852 |a INST  |b CHIOS  |e 20100802  |h 658.15 ΦΙΛ  |p 005200032270  |q 005200032270  |t BK  |y 0  |z τ.1 
852 |a INST  |b CHIOS  |e 20100802  |h 658.15 ΦΙΛ  |p 005200032272  |q 005200032272  |t BK  |y 0  |z τ.1 
852 |a INST  |b CHIOS  |e 20100802  |h 658.15 ΦΙΛ  |p 005200032269  |q 005200032269  |t BK  |v τ.1:  |y 0  |z τ.1 
852 |a INST  |b CHIOS  |e 20100802  |h 658.15 ΦΙΛ  |p 005200032270  |q 005200032270  |t BK  |v τ.1:  |y 0  |z τ.1 
852 |a INST  |b CHIOS  |e 20100802  |h 658.15 ΦΙΛ  |p 005200032272  |q 005200032272  |t BK  |v τ.1:  |y 0  |z τ.1 
853 |a INST  |b CHIOS  |h 658.15 ΦΙΛ 
901 |a BIBL2-2010-2 
909 |a Χ  |b 148620 
909 |a Χ  |b 148621 
909 |a Χ  |b 148622 
970 |a ΣΠΕΝΤΖΑ  |b ΕΛΕΝΗ  |z 2010/08/02